<?xml version="1.0" encoding="UTF-8"?>
<record
    xmlns:xsi="http://www.w3.org/2001/XMLSchema-instance"
    xsi:schemaLocation="http://www.loc.gov/MARC21/slim http://www.loc.gov/standards/marcxml/schema/MARC21slim.xsd"
    xmlns="http://www.loc.gov/MARC21/slim">

  <leader>01493nam0a2200337   4500</leader>
  <controlfield tag="001">RU\NLR\bibl\1409020</controlfield>
  <controlfield tag="005">20250615210731.0</controlfield>
  <datafield tag="010" ind1=" " ind2=" ">
    <subfield code="a">978-5-9524-4332-7</subfield>
    <subfield code="9">3000</subfield>
  </datafield>
  <datafield tag="021" ind1=" " ind2=" ">
    <subfield code="a">RU</subfield>
    <subfield code="b">2009-53482</subfield>
    <subfield code="9">3297</subfield>
  </datafield>
  <datafield tag="035" ind1=" " ind2=" ">
    <subfield code="a">(NLR Aleph) 001401012</subfield>
  </datafield>
  <datafield tag="090" ind1=" " ind2=" ">
    <subfield code="a">1222408</subfield>
    <subfield code="c">1222408</subfield>
  </datafield>
  <datafield tag="100" ind1=" " ind2=" ">
    <subfield code="a">20090908d2009    |||y0rusy50      ca</subfield>
  </datafield>
  <datafield tag="101" ind1="1" ind2=" ">
    <subfield code="a">rus</subfield>
    <subfield code="c">eng</subfield>
  </datafield>
  <datafield tag="102" ind1=" " ind2=" ">
    <subfield code="a">RU</subfield>
  </datafield>
  <datafield tag="105" ind1=" " ind2=" ">
    <subfield code="a">a   |||||||||</subfield>
  </datafield>
  <datafield tag="200" ind1="1" ind2=" ">
    <subfield code="a">&#x41F;&#x43E;&#x434;&#x432;&#x43E;&#x434;&#x43D;&#x44B;&#x439; &#x430;&#x441; &#x422;&#x440;&#x435;&#x442;&#x44C;&#x435;&#x433;&#x43E; &#x440;&#x435;&#x439;&#x445;&#x430;</subfield>
    <subfield code="e">&#x431;&#x43E;&#x435;&#x432;&#x44B;&#x435; &#x43F;&#x43E;&#x431;&#x435;&#x434;&#x44B; &#x41E;&#x442;&#x442;&#x43E; &#x41A;&#x440;&#x435;&#x447;&#x43C;&#x435;&#x440;&#x430;, &#x43A;&#x43E;&#x43C;&#x430;&#x43D;&#x434;&#x438;&#x440;&#x430; &#x441;&#x443;&#x431;&#x43C;&#x430;&#x440;&#x438;&#x43D;&#x44B; "U-99". 1939-1941</subfield>
    <subfield code="f">&#x422;&#x435;&#x440;&#x435;&#x43D;&#x441; &#x420;&#x43E;&#x431;&#x435;&#x440;&#x442;&#x441;&#x43E;&#x43D;</subfield>
    <subfield code="g">[&#x43F;&#x435;&#x440;. &#x441; &#x430;&#x43D;&#x433;&#x43B;. &#x41B;.&#x410;. &#x418;&#x433;&#x43E;&#x440;&#x435;&#x432;&#x441;&#x43A;&#x43E;&#x433;&#x43E;]</subfield>
  </datafield>
  <datafield tag="210" ind1=" " ind2=" ">
    <subfield code="a">&#x41C;&#x43E;&#x441;&#x43A;&#x432;&#x430;</subfield>
    <subfield code="c">&#x426;&#x435;&#x43D;&#x442;&#x440;&#x43F;&#x43E;&#x43B;&#x438;&#x433;&#x440;&#x430;&#x444;</subfield>
    <subfield code="d">2009</subfield>
  </datafield>
  <datafield tag="215" ind1=" " ind2=" ">
    <subfield code="a">222, [2] &#x441;., [4] &#x43B;. &#x438;&#x43B;., &#x43F;&#x43E;&#x440;&#x442;&#x440;.</subfield>
    <subfield code="d">21</subfield>
  </datafield>
  <datafield tag="225" ind1="1" ind2=" ">
    <subfield code="a">&#x417;&#x430; &#x43B;&#x438;&#x43D;&#x438;&#x435;&#x439; &#x444;&#x440;&#x43E;&#x43D;&#x442;&#x430;</subfield>
    <subfield code="i">&#x412;&#x43E;&#x435;&#x43D;&#x43D;&#x430;&#x44F; &#x438;&#x441;&#x442;&#x43E;&#x440;&#x438;&#x44F;</subfield>
  </datafield>
  <datafield tag="300" ind1=" " ind2=" ">
    <subfield code="a">&#x417;&#x430;&#x433;&#x43B;. &#x438; &#x430;&#x432;&#x442;. &#x43E;&#x440;&#x438;&#x433;.: The golden horseshoe/ Terence Robertson</subfield>
  </datafield>
  <datafield tag="454" ind1=" " ind2="0">
    <subfield code="1">2001#$aThe golden horseshoe$zeng</subfield>
    <subfield code="1">700#1$aRobertson$bT.$gTerence$4070</subfield>
    <subfield code="t">The golden horseshoe</subfield>
    <subfield code="a">Robertson, Terence</subfield>
  </datafield>
  <datafield tag="600" ind1=" " ind2="1">
    <subfield code="a">&#x41A;&#x440;&#x435;&#x447;&#x43C;&#x435;&#x440;</subfield>
    <subfield code="b">&#x41E;.</subfield>
    <subfield code="f">1912 - 1998</subfield>
    <subfield code="g">&#x41E;&#x442;&#x442;&#x43E;</subfield>
    <subfield code="9">2602560</subfield>
    <subfield code="3">RU\NLR\auth\661539118</subfield>
  </datafield>
  <datafield tag="686" ind1="1" ind2=" ">
    <subfield code="a">&#x426;35(0)62-661,2-243&#x434;&#x41A;&#x440;&#x435;&#x447;&#x43C;&#x435;&#x440;</subfield>
  </datafield>
  <datafield tag="700" ind1=" " ind2="1">
    <subfield code="a">&#x420;&#x43E;&#x431;&#x435;&#x440;&#x442;&#x441;&#x43E;&#x43D;</subfield>
    <subfield code="b">&#x422;.</subfield>
    <subfield code="g">&#x422;&#x435;&#x440;&#x435;&#x43D;&#x441;</subfield>
    <subfield code="4">070</subfield>
  </datafield>
  <datafield tag="702" ind1=" " ind2="1">
    <subfield code="a">&#x41A;&#x440;&#x435;&#x447;&#x43C;&#x435;&#x440;</subfield>
    <subfield code="b">&#x41E;.</subfield>
    <subfield code="g">&#x41E;&#x442;&#x442;&#x43E;</subfield>
    <subfield code="4">570</subfield>
  </datafield>
  <datafield tag="801" ind1=" " ind2="0">
    <subfield code="a">RU</subfield>
    <subfield code="b">NLR</subfield>
    <subfield code="c">20090908</subfield>
    <subfield code="g">RCR</subfield>
  </datafield>
  <datafield tag="801" ind1=" " ind2="1">
    <subfield code="a">RU</subfield>
    <subfield code="b">NLR</subfield>
    <subfield code="c">20090908</subfield>
  </datafield>
  <datafield tag="942" ind1=" " ind2=" ">
    <subfield code="c">BOOK</subfield>
  </datafield>
  <datafield tag="980" ind1=" " ind2=" ">
    <subfield code="a">NB</subfield>
  </datafield>
  <datafield tag="995" ind1=" " ind2=" ">
    <subfield code="5">2009-09-08</subfield>
    <subfield code="a">ad</subfield>
    <subfield code="b">NLR01</subfield>
    <subfield code="c">NLR01</subfield>
    <subfield code="e">RF9</subfield>
    <subfield code="f">2988541</subfield>
    <subfield code="k">2009-3/27858</subfield>
    <subfield code="o">0</subfield>
    <subfield code="r">BOOK</subfield>
    <subfield code="s">2009327858_</subfield>
  </datafield>
  <datafield tag="995" ind1=" " ind2=" ">
    <subfield code="5">2009-09-08</subfield>
    <subfield code="a">ad</subfield>
    <subfield code="b">NLR01</subfield>
    <subfield code="c">NLR01</subfield>
    <subfield code="e">RF9</subfield>
    <subfield code="f">2988542</subfield>
    <subfield code="k">2009-3/27858</subfield>
    <subfield code="o">0</subfield>
    <subfield code="r">BOOK</subfield>
    <subfield code="s">2009327858_</subfield>
  </datafield>
</record>
